Bilecik Bilecik Bilecik Bilecik Bilecik

Türkiye'de karşıt muhafazakarlık biçimleri : (Record no. 49612)

MARC details
000 -BAŞLIK
Sabit Uzunluktaki Kontrol Alanı 01625nam a22003857a 4500
001 - KONTROL NUMARASI
Control Dosyası 0049776
003 - KONTROL NUMARASI KİMLİĞİ
Kontrol Alanı KOHA_MİRAKIL
005 - EN SON İŞLEM TARİHİ ve ZAMANI
Kontrol Alanı 20260207003704.0
007 - FİZİKSEL TANIM SABİT ALAN - GENEL BİLGİ
Sabit uzunluklu kontrol alanı ta
008 - SABİT UZUNLUKTAKİ VERİ ÖGELERİ - GENEL BİLGİ
Sabit Alan 150629b2014 tu a|||gr||||#||||0|tur |
020 ## - ISBN - ULUSLARARASI STANDART KİTAP NUMARASI
Isbn 9786055296506
040 ## - KATALOGLAMA KAYNAĞI
Özgün Kataloglama Kurumu TR-BiSEU
Kataloglama Dili tur
Çeviri Kurumu TR-BiSEU
Açıklama Kuralları rda
041 0# - DİL KODU
Metin ya da ses kaydının dil kodu tur
044 ## - YAYINLAYAN/ÜRETEN KURULUŞUN ÜLKE KODU
ISO country code tu
050 ## - SINIFLAMA ve YER NUMARASI
Sınıflama Numarası JC573.2
Yer Numarası .T87 2014
245 0# - ESER ADI BİLDİRİMİ
Başlık Türkiye'de karşıt muhafazakarlık biçimleri :
Alt Eseradı vb. modern muhafazakarlıktan küreselci değersizleştirmeye/
Sorumluluk Bildirimi Editörler Ertan Eğribel, Ufuk Özcan, H. Bayram Kaçmazoğlu ; genel yayın yönetmeni Ertan Eğribel, Ufuk Özcan ; bilim kurulu H. Bayram Kaçmazoğlu, Sezgin Kızılçelik, Ertan Eğribel, Ufuk Özcan, Güneş Ayas..
264 #1 - ÜRERİM, YAYIN, DAĞITIM ve TELİF BİLDİRİMİ
Yayın yeri İstanbul :
Yayınlayan Doğu Kitabevi
Yayın tarihi 2014
300 ## - FİZİKSEL TANIMLAMA
Sayfa, Cilt vb. 510 sayfa :
Diğer fiziki detaylar resimli ;
Boyutları 23 cm.
336 ## - İÇERİK TÜRÜ
Content type term metin
Content type code txt
Source rdacontent
337 ## - MEDYA TÜRÜ
Media type term aracısız
Media type code n
Source rdamedia
338 ## - TAŞIYICI TÜRÜ
Carrier type term cilt
Carrier type code nc
Source rdacarrier
490 1# - DİZİ BİLDİRİMİ
Dizi Bildirimi Doğu Kitabevi Sosyoloji Yıllığı Kitap dizisi ;
Cilt Numarası 23
650 #0 - KONU BAŞLIĞI EK GİRİŞ - KONU TERİMİ
Konusal terim veya coğrafi ad Nutku, Uluğ, 1935-
9 (RLIN) 91633
650 #0 - KONU BAŞLIĞI EK GİRİŞ - KONU TERİMİ
Konusal terim veya coğrafi ad Conservatism--Turkey--History.
9 (RLIN) 91634
650 #0 - KONU BAŞLIĞI EK GİRİŞ - KONU TERİMİ
Konusal terim veya coğrafi ad Conservatism.
9 (RLIN) 91635
650 #0 - KONU BAŞLIĞI EK GİRİŞ - KONU TERİMİ
Konusal terim veya coğrafi ad Political sociology.
9 (RLIN) 9793
650 #0 - KONU BAŞLIĞI EK GİRİŞ - KONU TERİMİ
Konusal terim veya coğrafi ad Democracy--Turkey--History.
9 (RLIN) 91636
650 #0 - KONU BAŞLIĞI EK GİRİŞ - KONU TERİMİ
Konusal terim veya coğrafi ad Right and left (Political science)
9 (RLIN) 9053
650 #0 - KONU BAŞLIĞI EK GİRİŞ - KONU TERİMİ
Konusal terim veya coğrafi ad Political culture--Turkey--History.
9 (RLIN) 76276
650 #0 - KONU BAŞLIĞI EK GİRİŞ - KONU TERİMİ
Konusal terim veya coğrafi ad Philosophers--Turkey
Genel Alt Konu Biography.
9 (RLIN) 91637
650 #0 - KONU BAŞLIĞI EK GİRİŞ - KONU TERİMİ
Konusal terim veya coğrafi ad Turkey--Politics and government--20th century.
9 (RLIN) 7945
650 #0 - KONU BAŞLIĞI EK GİRİŞ - KONU TERİMİ
Konusal terim veya coğrafi ad Turkey--Politics and government--21st century.
9 (RLIN) 4854
830 1# - SERİ EK GİRİŞİ - TEKBİÇİM ESER ADI
Tekbiçim Başlık Doğu Kitabevi Sosyoloji Yıllığı Kitap dizisi ;
Volume number/sequential designation 23
9 (RLIN) 91638
942 ## - EK GİRİŞ ÖGELERİ (KOHA)
Source of classification or shelving scheme Library of Congress Classification
Koha item type Book
Holdings
Materyal Türü Kalıcı Konum Mevcut Konum Raf Yeri Sınıflandırma Kaynağı Edinim Bilgisi Ana Konular Alt Konular Yer Numarası Demirbaş Numarası Fatura Tarihi Maliyet, Alış Fiyatı Maliyet, Yenileme Fiyatı Geri Çekilme Durumu Kayıp Durumu Hasarlı Durumu Kredi için değil Kayıt Tarih Toplam Ödünçverme Son Görülme Tarihi Son Kontrol Tarihi Satın Alma Notu
Book Prof. Dr. Azmi Özcan Kütüphanesi Prof. Dr. Azmi Özcan Kütüphanesi Uluğbey Salonu Library of Congress Classification Satın SİYASET BİLİMİ Siyaset Teorisi JC573.2 .T87 2014 0049776 07/07/2015 27.92 27.92         29/06/2015 1 05/12/2024 05/12/2024 B-984687 - B-984797